000 004700000a22001810004500
003 MACL
005 20151014171200.0
008 151014b xxu||||| |||| 00| 0 eng d
040 _aMACL
_cMACL
041 _aEnglish
082 _a920/CHA
100 _aChandra, Prof Ramesh
_914917
245 _aFirst Women President of India Pratibha Patil
260 _bKalpaz Publications
_c2008
_aDelhi
350 _a540
650 _aBiography
_914918
942 _cBK
_k920/CHA
_2ddc
999 _c42642
_d42642